Science Quiz

Random Science or Math Quiz
Score 0/30 Timer 01:00
1 Play Today
Problem Solution % Correct
8x1188
53.3%
144/1212
52.4%
12+5264
52%
93-3360
51.3%
16+2642
51.2%
4x1352
50.5%
6x1590
50.4%
7x1284
50.3%
34+3771
50.2%
52+3991
50%
67-4423
49.9%
54-2529
49.8%
18+4563
49.4%
32-1913
49.2%
2x2958
48.5%
Problem Solution % Correct
62-1646
48.2%
93/331
48.1%
88-5434
48%
4x1456
47.9%
18+3755
47.8%
25+4671
47.5%
96/616
47.4%
5x1785
47.4%
42-2418
47.2%
72/418
46.8%
91/137
46.7%
6x1378
45.9%
120/815
45.1%
112/814
44.7%
105-8817
44.7%
Remove Ads.
Support Sporcle.
Get the best of Sporcle when you Go Orange. This ad-free experience offers more features, more stats, and more fun while also helping to support Sporcle. Thank you for becoming a member.

You're not logged in!

Compare scores with friends on all Sporcle quizzes.
OR
Log In

Show Comments

Extras

Top Quizzes Today


Score Distribution

Your Account Isn't Verified!

In order to create a playlist on Sporcle, you need to verify the email address you used during registration. Go to your Sporcle Settings to finish the process.

Report this User

Report this user for behavior that violates our Community Guidelines.

Details: